000 00859nam a22001817a 4500
008 090818t xxu||||| |||| 00| 0 eng d
020 _a9770192074
082 _222
_a616.923
_bك ا م
100 _922194
_aكامي ، ألبير
245 _aالطاعون/
_cترجمة عبد السلام البحيرى؛البير كامى؛مراجعة محمد القصاص؛ البير كامى
260 _aالقاهرة :
_bالهيئة المصرية العامة للكتاب،2004
_c2004
300 _a393؛ص
_c20سم.
490 _aمكتبة الأسرة
_922195
650 _922197
_aالطاعون
700 _922196
_aالبحيري ، كوثر عبد السلام
942 _2ddc
_cBB
999 _c12619
_d12619